Biblioteca

El evangelismo según la gran comisión / Roy Lenere Lyon (Registro nro. 36622)

Detalles MARC
000 -LÍDER
Campo fijo de descripción fija 004620000a22001690004500
041 0# - CÓDIGO DE IDIOMA
Código de idioma para texto/pista de sonido o título separado
082 04 - NÚMERO DE CLASIFICACIÓN DECIMAL DEWEY
Número de clasificación G 253.1 L9911e
001 - NÚMERO DE CONTROL
Campo de control 6349
100 1# - ASIENTO PRINCIPAL--NOMBRE PERSONAL
Nombre personal Lyon, Roy Lenere
245 10 - TÍTULO
Título del Material El evangelismo según la gran comisión / Roy Lenere Lyon
260 ## - PUBLICACIÓN, DISTRIBUCIÓN, ETC. (PIE DE IMPRENTA)
Lugar de publicación, distribución, etc. EL Paso, TX. USA : Casa Bautista de Publicaciones
300 ## - DESCRIPCIÓN FÍSICA
Extensión 396 Pag
336 ## - CONTENT TYPE
Content type term texto
Content type code txt
Source rdacontent
337 ## - MEDIA TYPE
Source rdamedia
Media type term sin mediación
Media type code n
338 ## - CARRIER TYPE
Source rdacarrier
Carrier type term volumen
Carrier type code nc
942 ## - TIPO DE MATERIAL (KOHA)
Tipo de Item KOHA Libros General
Existencias
Estado de Material Estado de Perdido Estado de Dañado No para Préstamo Colección Tomo Biblioteca de Origen Biblioteca Permanente Fecha de Adquisición Total de Préstamos Signatura Topográfica Código de Barras Última vez visto Última vez Préstado Ejemplar/Existencia Fecha de Remplazo Tipo de Material Total de Renovaciones
        Colección General   Biblioteca FUSBC Biblioteca FUSBC 03/01/2005 1 G 253.1 L9911e 5235 11/03/2022 02/04/2019 1 26/01/2016 Libros General  
        Colección General   Biblioteca FUSBC Biblioteca FUSBC 03/01/2005 1 G 253.1 L9911e 5237 21/02/2023 07/02/2023 3 26/01/2016 Libros General 1
        Colección General   Biblioteca FUSBC Biblioteca FUSBC 03/01/2005   G 253.1 L9911e 5236 12/12/2019   2 26/01/2016 Libros General  

Biblioteca FUSBC | Teléfono: (57+4) 349 88 10 Ext. 141| WhatsApp (+57) 3005338115 
E-mail: biblioteca@unisbc.edu.co | Calle 76 87-14 Robledo Palenque, Medellín, Colombia

Con tecnología Koha